[Event "Moscow Aeroflot op"]
[Site "Moscow"]
[Date "2002.02.09"]
[Round "8"]
[White "Khurtsidze, Nino"]
[Black "Kuzmin, Gennadi P"]
[Result "1-0"]
[WhiteElo "2434"]
[BlackElo "2527"]
[Annotator "Tsesarsky,I"]
[PlyCount "48"]
[EventDate "2002.02.04"]
[EventType "swiss"]
[EventRounds "9"]
[EventCountry "RUS"]
[SourceTitle "CBM 088"]
[Source "ChessBase"]
[SourceDate "2002.03.21"]
[SourceVersion "1"]
[SourceVersionDate "2002.03.21"]
[SourceQuality "1"]

1. d4 Nf6 2. c4 e6 3. Nc3 d5 4. cxd5 Nxd5 5. e4 Nxc3 6. bxc3 c5 7. Nf3 Be7 $6
$14 {This passive move's idea is to avoid wellknown theoretical variations.
But White recieves strong center without any troubles.} ({The mainline is} 7...
cxd4 8. cxd4 Bb4+ ({or} 8... Nc6)) 8. Bb5+ $6 $132 {It was not necessary to
provoke useful Bc8-d7 move. Much better was Bf1-d3 immediately-see below.} (8.
Be2 $6 {Too passive.} b6 9. O-O O-O 10. Bf4 Bb7 11. Qd3 cxd4 12. cxd4 Nc6 13.
Rad1 Bd6 14. Qe3 Rc8 15. Ne5 (15. d5 exd5 16. Rxd5 Bxf4 17. Qxf4 Qe7 18. Rfd1
Nd8 19. Rd7 Qxe4 20. Qxe4 Bxe4 21. Rxa7 $11) 15... Nb4 16. Rd2 Qc7 {1/2-1/2
Kallai,G-Lombard,A/SWZ 1997/EXT 99 (16)} 17. Bg3 f6 $132) ({More popular is} 8.
Bd3 O-O (8... Nd7 9. O-O O-O 10. Qe2 Re8 (10... b6 11. d5 exd5 12. exd5 Bf6 13.
Qc2 g6 14. Bh6 Re8 15. Bb5 Bb7 16. Rad1 $14 {1/2-1/2 Fedorowicz,J-Mar,C/San
Mateo 1989/EXT 97 (33)}) 11. Rd1 (11. e5 $14 {[%cal Ge2e4]}) 11... Nf8 12. Ne5
f6 13. Nf3 $14 {1-0 Bratchenko,A-Kyprijanov,I/St Petersburg 1999/CBM 74 (35)})
(8... Nc6 9. O-O cxd4 10. cxd4 O-O 11. e5 (11. Be3 $14) 11... Nb4 12. Bb1 Bd7
13. a3 Nd5 14. Qd3 g6 15. Qd2 (15. Bh6 Re8 16. Ba2 $14) 15... Rc8 16. Qh6 f5
17. exf6 (17. Ng5 Bxg5 18. Bxg5 Qb6 19. Qh4 $14 {[%csl Rf6,Rg7,Rh6]}) 17...
Bxf6 18. Bg5 (18. Ne5 Bg7 19. Qd2 (19. Qh3 $2 Bxe5 20. dxe5 Rxf2 $3 $17 {
0-1 Rapoport,I-Grabarczyk,M/Katowice 1995/EXT 2000 (28)})) 18... Bc6 19. Be4
$14) 9. O-O b6 10. d5 (10. Qe2 Bb7 11. Bb2 (11. Rd1 $14 {1-0 Krivoshey,
S-Likavsky,T/Hlohovec 1996/EXT 2000 (60)}) 11... Nd7 12. Rad1 Qc7 (12... Nf6
13. Rfe1 Re8 14. Bb5 Rf8 15. d5 $16 {1-0 Miles,A-Dweritz,C/Muenster 1993/EXT
99 (21)}) 13. e5 Rac8 14. Bc1 cxd4 15. cxd4 Rfd8 16. Ng5 $36 {1-0 Nielsen,
P-Hoi,C/Roskilde 1998/EXT 99 (30)}) 10... exd5 11. exd5 Bf6 12. Qc2 h6 13. Bf4
Bg4 14. Nd2 $14 {1-0 Stolberg,M-Zhukhovitsky,S/Kiev 1940/HCL (55)} (14. Ne5 $14
{1/2-1/2 Pytel,K-Schinzel,W/Graz 1979/EXT 98 (25)})) 8... Bd7 9. Bd3 {This
position is very similar to noted below, with a little difference: Bd7 instead
of Bc8. This factor is in Black's favour, because Bd7 could be developed on c6
square.} O-O 10. O-O Nc6 $2 $16 ({Worth of attention} 10... Bc6 $5) 11. a3 $2
$14 ({Much stronger was natural} 11. d5 $1 Na5 12. c4 exd5 13. cxd5 $16 (13.
exd5 Bf6 14. Rb1 b6 15. Qc2 $16)) 11... Na5 12. Rb1 Rc8 13. Ne5 Be8 14. Qg4 $1
{White has good reasons to start his activity on the kingside.} (14. d5 $6 c4
15. Bc2 Bd6 16. f4 Bc5+ 17. Kh1 f6 $132) 14... Kh8 15. Bb2 f6 (15... cxd4 $2
16. cxd4 {[%cal Gb2g7]} f6 17. Nf3 Bf7 18. Rfc1 $16) 16. Nf3 e5 $5 {Black
starts very complicated tactical game.} (16... Bf7 17. Rfd1 $16) 17. dxe5 $6
$13 (17. Be2 $142 cxd4 18. cxd4 Bd7 19. Qg3 exd4 20. Nxd4 Qc7 21. Qh4 $14) (17.
d5 c4 $132) 17... f5 $1 {[%cal Gg4c8]} ({White leaves with advantage in case of
} 17... fxe5 18. Nxe5 Bf6 19. c4 $16) ({or} 17... Nc6 18. exf6 Bxf6 19. Rfd1
$16) ({Not} 17... Qxd3 $2 18. exf6 gxf6 19. Qxc8 $18) 18. exf5 Qxd3 19. f6 {
[%csl Rc8,Rg7]} gxf6 20. Qxc8 Rg8 {[%csl Rf3,Rg1][%cal Gd3f3,Gg8g1]} 21. Qe6 ({
Or} 21. Qh3 $5 Bc6 22. Kh1 Nc4 23. Rbd1 Qg6 24. Bc1 fxe5 25. Rfe1 e4 $13) (21.
Kh1 Bh5 22. Qh3 Bg4 23. Qg3 Nc4 24. exf6 Bxf6 25. Qf4 Qg6 {[%csl Rg2][%cal
Gg8g2]} 26. Rg1 Bf5 27. Qxc4 Bxb1 28. Qxc5 Be4 {With sufficient compensation
for the P lack}) 21... Bc6 22. Ne1 (22. Nh4 $6 Bxg2 23. Nxg2 Qf3 24. Qxg8+ Kxg8
$15) 22... Qxb1 ({Badly is} 22... Qe4 $2 23. f3 Qxe5 24. Qxe5 fxe5 25. Nd3 Bd6
26. Rbd1 Nc4 27. Bc1 e4 28. fxe4 Bxe4 29. Rf2 $18) 23. Qxe7 f5 ({Or} 23... Qxb2
24. exf6 Be8 25. f7 Bxf7 26. Qxf7 Qxc3 $132) 24. Qf6+ Rg7 {This position is
unclear:} (24... Rg7 25. Nf3 Qxb2 26. Nh4 Qd2 27. Nxf5 Qg5 28. Qxg7+ Qxg7 29.
Nxg7 Kxg7 30. f4 Nc4 $13) 1-0

[Event "EU-Cup 18th"]
[Site "Kallithea"]
[Date "2002.09.23"]
[Round "2.5"]
[White "Tregubov, Pavel V"]
[Black "Kuzmin, Gennadi P"]
[Result "1-0"]
[WhiteElo "2599"]
[BlackElo "2512"]
[Annotator "Tsesarsky,I"]
[PlyCount "37"]
[EventDate "2002.09.22"]
[EventType "team-swiss"]
[EventRounds "7"]
[EventCountry "GRE"]
[SourceTitle "CBM 092"]
[Source "ChessBase"]
[SourceDate "2003.02.06"]
[SourceVersion "1"]
[SourceVersionDate "2003.02.06"]
[SourceQuality "1"]
[WhiteTeam "Norilsk Nikel"]
[BlackTeam "Donetsk"]
[WhiteTeamCountry "RUS"]
[BlackTeamCountry "UKR"]

1. d4 Nf6 2. c4 e6 3. Nf3 d5 4. Nc3 c5 5. cxd5 Nxd5 6. e4 Nxc3 7. bxc3 cxd4 8.
cxd4 Bb4+ 9. Bd2 Bxd2+ 10. Qxd2 O-O 11. Bc4 Nc6 12. O-O e5 $6 {Probably after
this very important for theory of this variation game this move will disappear
from serious tournament practice...} ({Mainlines are} 12... Qd6) ({and} 12...
b6) (12... Ne7 $6 {cannot be recommended in view of two next Kortchnoj's games:
} 13. a4 (13. Rfd1 b6 14. Rac1 Bb7 15. d5 $14 {1/2-1/2 Piket,J-Kortschnoj,V/
Amsterdam 1989/CBM 14 (34)}) 13... b6 14. a5 Bb7 15. Bd3 bxa5 16. Rfb1 $14 {
1-0 Seirawan,Y-Kortschnoj,V/Skelleftea 1989/CBM 14/[Bulletin] (118)}) ({
Interesting is old} 12... Qf6 13. Rfd1 Rd8 14. Qe3 b6 15. Rac1 Bb7 16. d5 exd5
17. Bxd5 Na5 18. Rc7 Bxd5 19. exd5 Qd6 20. Qc3 Rd7 21. Rc8+ (21. Rxd7 Qxd7 22.
Ne5 Qd6 23. Ng4 Qd7 24. Ne5 Qd6 25. Ng4 f6 26. Ne3 Rd8 $14 {1/2-1/2 Bidev,
P-Rabar,B/Zagreb 1946/EXT 99 (31)}) 21... Rxc8 22. Qxc8+ Rd8 23. Qf5 Nc4 24.
Qe4 b5 25. Ng5 Qg6 26. Qe7 Qf6 27. Qxf6 gxf6 28. Ne4 f5 29. Ng3 Nd6 30. Rc1 $14
{0-1 Rotunno,E-Alekhine,A/Buenos Aires 1939/HCL (55)}) (12... Qa5 {Leads to
White's favour:} 13. Qe2 Qh5 14. Rab1 b6 15. Rfc1 $14 {[%csl Rh5] 1-0 Hort,
V-Platonov,I/Wijk aan Zee 1970/MCD (25)}) 13. d5 Na5 14. Rfc1 $1 {Definitely
the best. Probably another R can go to c1 as well.} (14. Bd3 f6 15. Qb4 b6 16.
Rac1 Rf7 17. Rc3 Nb7 18. Nd2 Nc5 19. Bc4 Qd6 20. a3 Bb7 21. Bb5 f5 22. f3 Rc8
23. Nc4 Qf6 $132 {0-1 Mory,E-Colin,V/Pau 2000/EXT 2001 (73)}) (14. Be2 f6 15.
Ne1 (15. Qb4 b6 16. Nd2 {1/2-1/2 Plachetka,J-Ekstroem,R/Charleville FRA 2000/
The Week in Chess 317 (16)}) 15... b6 16. Nc2 Qd6 17. Ne3 f5 18. exf5 Bxf5 19.
Rac1 Bd7 20. h3 Rf4 21. Bg4 Raf8 22. Bxd7 Qxd7 23. Qc3 $14 {1-0 Epishin,
V-Luther,T/Bad Wildbad 2000/EXT 2001 (33)}) ({Worth of attention} 14. Rac1 $5
f6 15. d6+ {After this game [i.e. Tregubov-Kuzmin] we are much more clever!} (
15. Qb4 b6 16. d6+ Nxc4 17. Qxc4+ Rf7 18. Rfd1 {-see comments to the game 1/
2-1/2 Uhlmann,W-Luther,T/Schwerin 1999/CBM 73[Alterman,B] (23)}) (15. Bb5 b6
16. d6 Be6 17. Rc7 Rf7 18. Rfc1 Nb7 19. d7 Nc5 20. Qd6 Bxd7 21. Bc4 $16 {
1-0 Ibragimov,I-Doettling,F/Fuerth GER 2001/The Week in Chess 355 (38)}) 15...
Nxc4 (15... Kh8 16. Bd5 Bg4 17. Rc7 $16) 16. Qd5+ Kh8 (16... Rf7 17. Rxc4 $16 {
-like in our game, with inconsiderable difference: Rf1 instead of a1.}) 17.
Rxc4 Bg4 18. Rc7 Bxf3 19. gxf3 b6 20. Qe6 $16) 14... f6 15. d6+ $1 {[%mdl 4]}
Nxc4 16. Qd5+ $1 Rf7 (16... Kh8 17. Rxc4 Bg4 18. Rc7 Bxf3 19. gxf3 $16 {
-see comments to 14.Rac1 move above.}) 17. Rxc4 Qe8 (17... Bg4 18. Rc7 Qf8 19.
Rxb7 $18) 18. Rc7 Rb8 $2 {Loses immediately} ({But in case of} 18... Be6 19.
Qxb7 {White retains P over and gains an advantage:} Rd8 20. Qa6 Qf8 21. Rxf7
Qxf7 22. Nh4 Bc4 (22... g6 23. h3 $16) 23. Qc6 $16) 19. Re7 1-0

[Event "Linares Anibal op 08th"]
[Site "Linares"]
[Date "2001.01.12"]
[Round "5"]
[White "Sturua, Zurab"]
[Black "Del Rio de Angelis, Salvador Gabriel"]
[Result "1-0"]
[WhiteElo "2580"]
[BlackElo "2472"]
[Annotator "Tsesarsky,I"]
[PlyCount "81"]
[EventDate "2001.01.08"]
[EventType "swiss"]
[EventRounds "11"]
[EventCountry "ESP"]
[SourceTitle "CBM 081"]
[Source "ChessBase"]
[SourceDate "2001.03.20"]
[SourceVersion "1"]
[SourceVersionDate "2001.03.20"]
[SourceQuality "1"]

1. Nf3 c5 2. c4 Nf6 3. Nc3 d5 4. cxd5 Nxd5 5. d4 e6 6. e4 Nxc3 7. bxc3 cxd4 8.
cxd4 Bb4+ 9. Bd2 Bxd2+ 10. Qxd2 O-O 11. Bc4 Nd7 12. O-O b6 13. Rfe1 {In this
dynamic opening critical position White has strong PP center, but Black has no
weaknesses, so it is the question, Has White any advantage or no.} Bb7 14. a4 {
This move idea is to grasp space on the queenside. Except of this move White
can play also:} (14. Qf4 Rc8 15. Bb3 Qc7 (15... Re8 16. Re3 Qf6 17. Qg3 Red8
18. Rd1 Qg6 $132 {0-1 Rubene,I-Milovanovic,R/Tuzla ,EXT 1991 (31)}) 16. Qh4 h6
17. Re3 Rfd8 18. Rae1 $132 {1/2-1/2 Hjartarson,J-Hansen,C/Groningen PCA ,CBM
1993 (59)}) ({Worth of attention} 14. d5 {and White leaves with slight
advantage.} exd5 {On the other hand, Black has good chances to neutralize
pressure:} 15. Bxd5 ({or} 15. exd5 Rc8 16. Qd4 Nc5 17. Rad1 $14) 15... Nc5 16.
Rad1 Bxd5 17. exd5 Qd6 18. Ne5 $14 {1/2-1/2 Matlak,M-Pachman,L/CZE-chT 1992 
(26)}) ({Interesting is} 14. Re3 $5 Rc8 15. Bd3 Qc7 16. Rae1 Nf6 17. e5 Nd5 18.
Ng5 h6 (18... Nxe3 19. Bxh7+ Kh8 20. Qxe3 $18) 19. Rh3 {with very dangerous
attack 1-0 Lobron,E-Hansen,C/Wijk aan Zee 1993 (35)}) (14. Rad1 {-mainline})
14... Qc7 $5 ({As practice shows, Black has strong counterplay in case of} 
14... Rc8 $5 15. Bd3 e5 $5 (15... Nb8 16. a5 Nc6 17. axb6 Nxd4 18. Nxd4 Qxd4
19. bxa7 $16 {1-0 Petrosian,T-Tal,M/Moskva 1972/Inf 13 (38)}) (15... Qc7 16. a5
Rfd8 17. axb6 axb6 18. Rac1 Qd6 19. Rb1 $132 {1/2-1/2 Chehov-Aseev/URS-ch 1984
(40)}) (15... f5 16. Ng5 $16 {1-0 Tukmakov,V-Kok,F/Crans Montana SUI 2000/The
Week in Chess 290(20)}) 16. d5 (16. dxe5 Nc5 17. Bc2 Qxd2 18. Nxd2 Rfd8 $44)
16... Nc5 17. Ra3 (17. Rad1 $132) 17... Qd6 $132 {0-1 Agdestein,S-Hansen,C/
Groningen PCA 1993 (37)}) 15. Rac1 Qd8 $6 {Very strange move.} ({Why not
logical} 15... Qd6 16. a5 $5 $14 (16. e5 Qe7 17. Ng5 Rfd8 18. Bd3 Nf8 19. Be4
Bd5 $132)) ({In case of} 15... Qb8 $14 {Black Q obstructs Ra8 and located too
far from action arena.}) 16. h3 Rc8 {Black lost 2 tempi, but in this type of
position it is not important.} 17. Qf4 Qf6 18. Qg3 Qh6 (18... Rfd8 19. Bb5 Rxc1
20. Rxc1 Nf8 (20... Bxe4 21. Bxd7 $18) 21. Bd3 $14) 19. Ng5 Nf6 ({Worth of
attention was} 19... Rfd8 $5 $14 {with complicated play.}) 20. Qe5 Nd7 21. Qg3
Qg6 $4 $18 {[%mdl 8192]} ({Why not to repeat position after} 21... Nf6 {
Black is not satisfied by draw?}) {[%tqu "En","?","","","g5e6","",10]} 22. Nxe6
$1 {Elegant tactic solution! White wins by force.} fxe6 (22... Qxg3 23. fxg3
Rfe8 24. Ng5 Re7 25. e5 $18) 23. Qxg6 hxg6 24. Bxe6+ Kh7 25. Bxd7 Rxc1 26. Rxc1
Rd8 ({Or} 26... Bxe4 27. f3 (27. Rc7 $2 Rf7 {[%cal Gf7c7]}) 27... Bd5 28. Kf2
Rd8 29. Rc7 $18) 27. Rc7 Bxe4 28. Rxa7 Bf5 29. Bxf5 gxf5 30. a5 $1 bxa5 31.
Rxa5 Kg6 32. Ra4 f4 33. Kf1 Kf5 34. Ke2 Rb8 35. Ra2 Ke4 36. Rd2 Rd8 37. d5 Rd6
38. Rd1 $22 Kf5 39. Kf3 Ke5 40. Rd2 Kf5 41. Rd4 1-0

[Event "Rubinstein Memorial 35th"]
[Site "Polanica Zdroj"]
[Date "1998.08.26"]
[Round "9"]
[White "Karpov, Anatoly"]
[Black "Ivanchuk, Vassily"]
[Result "1/2-1/2"]
[WhiteElo "2725"]
[BlackElo "2730"]
[Annotator "Tsesarsky,I"]
[PlyCount "66"]
[EventDate "1998.08.17"]
[EventType "tourn"]
[EventRounds "11"]
[EventCountry "POL"]
[EventCategory "17"]
[SourceTitle "CBM 067"]
[Source "ChessBase"]
[SourceDate "1998.11.30"]
[SourceVersion "2"]
[SourceVersionDate "1998.11.01"]
[SourceQuality "1"]

{[%mdl 4352]} 1. Nf3 c5 2. c4 Nc6 3. Nc3 Nf6 4. g3 d5 5. d4 e6 6. cxd5 Nxd5 7.
Bg2 Nb6 (7... Ndb4 $1 8. e3 (8. a3 $6 cxd4 9. axb4 Bxb4 10. Nxd4 Nxd4 11. O-O (
11. Qa4+ $2 Bd7 12. Qxb4 $4 Nc2+ $19) 11... O-O 12. Bf4 a5 $15) (8. dxc5 Qxd1+
9. Kxd1 Bxc5 10. a3 Nd5 11. Nxd5 (11. Ne4 Bb6 $132) 11... exd5 12. e3 (12. Rf1
O-O $11) 12... O-O (12... d4 13. b4 Bb6 14. b5 Na5 15. Nxd4 $14) 13. b4 Bb6 14.
Bb2 Bf5 $11 (14... Bd7 15. Rc1 Rac8 16. Re1 Rfe8 17. Re2 Bf5 $11)) 8... cxd4 9.
exd4 Nxd4 10. Nxd4 Qxd4 11. O-O Qxd1 12. Rxd1 Be7 (12... Bc5 $6 13. Bf4 O-O 14.
Nb5 $44 {1/2-1/2 Biriukov,O-Aseev,K/City-Ch, St Petersburg RUS 1998 (41)}) 13.
Bf4 O-O $15) (7... Nxc3 8. bxc3 cxd4 9. cxd4 Bb4+ 10. Bd2 Be7 (10... Qa5 11.
Rb1 Bxd2+ 12. Qxd2 Qxd2+ 13. Kxd2 Ke7 14. Rhc1 $16) 11. Bc3 (11. O-O O-O 12.
Rb1 Nxd4 13. Nxd4 Qxd4 14. Qc2 Qc5 15. Qxc5 {1/2-1/2 Petrosian,T-Spassky,B/
Moskva (m6) 1966 (15)}) 11... O-O 12. O-O Bd7 $1 13. Qd2 $14 {1-0 Gulko,
B-Vaganian,R/Yerevan 1996/Inf 66/ (30)}) (7... Nf6 8. e3 Be7 9. O-O O-O 10. b3
Qa5 11. Bd2 cxd4 12. Nxd4 Nxd4 13. exd4 Bb4 14. Ne4 Nxe4 15. Bxb4 Qxb4 16. Bxe4
Bd7 $11 {1/2-1/2 Shamkovich,L-Averbakh,Y/URS-ch21 Kiev 1954/URS-ch (30)}) 8. e3
$11 (8. Bg5 $5 f6 9. Be3 (9. dxc5 Bxc5 10. Ne4 Qxd1+ 11. Rxd1 Bb4+ 12. Bd2
Bxd2+ 13. Nfxd2 (13. Rxd2 Ke7 14. O-O e5 15. Rfd1 Be6 16. b3 Rad8 17. Nc5 Bc8
$11) 13... Ke7 14. f4 a5 15. Nc5 a4 16. a3 Ra5 $132 {1-0 Agdestein,S-Chandler,
M/Hastings 1991/CBM 27 (43)}) 9... Nc4 10. O-O (10. Qa4 Nxe3 11. fxe3 Bd7 $15)
10... Nxe3 11. fxe3 Be7 (11... Bd7 $5 $132) 12. Qb3 O-O (12... Qb6 13. Na4 $1
Qxb3 14. axb3 cxd4 15. Nxd4 Nxd4 16. exd4 $14 {1-0 Ivanchuk,V-Seirawan,Y/
Tilburg m rapid 1992 (39)}) 13. Rad1 Qb6 $11) 8... Be7 9. O-O (9. Ne5 $5 Nxe5
10. dxe5 Qxd1+ 11. Kxd1 O-O 12. Ke2 Nc4 13. f4 Rb8 14. b3 Na5 15. Nb5 Bd7 16.
Nd6 Bc6 17. Bxc6 Nxc6 $11 {1-0 Ehlvest,J-Chandler,M/Reykjavik WCup 1991/CBM 26
(35)}) 9... O-O 10. dxc5 (10. Re1 Bd7 11. Ne4 cxd4 12. exd4 Rc8 13. Bg5 (13.
Qb3 Na5 $15) 13... Bxg5 (13... f6 14. Bd2 Nd5 15. Qb3 b6 $11) 14. Nexg5 h6 15.
Ne4 Nb4 16. Nc5 $132) 10... Bxc5 11. b3 (11. Qe2 $5 Bd7 (11... e5 12. Rd1 Qe7
13. Ne4 Bf5 14. Nxc5 Qxc5 15. e4 Bg4 16. Be3 Qc4 17. Rd2 Rfd8 (17... f5 18. Qe1
(18. exf5 Qxe2 19. Rxe2 e4 $19) 18... f4 19. gxf4 (19. Bxb6 axb6 20. Bf1 Qf7
21. Ng5 Qg6 22. h4 h6 23. Bc4+ Kh8 $19) 19... exf4 20. Bxb6 axb6 $11) 18. Qe1 (
18. Bxb6 Qxe2 19. Rxe2 axb6 $17) 18... Qxe4 (18... Bxf3 19. Bxf3 Rxd2 20. Bxd2
(20. Qxd2 Rd8 21. Qc1 $11) 20... Nd4 21. Bd1 $132) 19. Nd4 Qg6 20. Nxc6 bxc6
21. Rxd8+ Rxd8 22. Bxb6 axb6 23. Qxe5 $11) 12. Rd1 Rc8 13. a3 a5 14. Nd4 $14)
11... e5 12. Bb2 Bf5 13. Qxd8 (13. Rc1 Rc8 $11 (13... Qe7 $11)) (13. e4 Bg4 $11
) 13... Rfxd8 14. Rfd1 f6 15. Ne1 (15. Rac1 $11) 15... Rxd1 (15... Rac8 16. Ne4
Be7 $11) 16. Rxd1 Rd8 17. Rxd8+ Nxd8 18. Kf1 (18. Ne4 Be7 $11) 18... Bd7 (18...
Kf7 $11) 19. Nd3 Be7 20. Ke2 (20. f4 exf4 21. exf4 Bf5 $11 (21... Bc6 $11))
20... Kf7 21. f4 exf4 22. exf4 Bc6 23. Ne4 (23. Be4 g6 $11) 23... g6 24. Bd4
Nd7 $5 (24... Ne6 $11) (24... f5 25. Ne5+ Ke6 26. Nxc6 Nxc6 27. Nc5+ Bxc5 28.
Bxc5 $16) 25. Bf3 (25. Bxa7 $5 b6 $1 (25... f5 $2 26. Nec5 Bxg2 (26... Nxc5 27.
Bxc6 Nxc6 (27... Nxd3 28. Bd5+ Ke8 29. Kxd3 $16) 28. Bxc5 $16) 27. Nxd7 Ke6 28.
N7c5+ (28. Kf2 Bh1 29. N7c5+ Kd5 30. Nb4+ Kd6 (30... Kd4 $4 31. Na4+ Ke4 32.
Nc3#) 31. Bb6 Ne6 32. Nbd3 Kd5 33. Nxe6 Kxe6 34. Ke3 $16) 28... Kd5 29. Nb4+ (
29. a4 Nc6 30. Bb6 Nd4+ 31. Kf2 Kc6 32. a5 Bxc5 33. Nxc5 Bd5 34. b4 Nc2 35. Nd3
Be4 36. Ke2 Kb5 (36... Bxd3+ 37. Kxd3 Nxb4+ 38. Kc4 Nd5 $11) 37. Nc5 Bd5 38.
Nd7 Nxb4 $11) 29... Kd6 (29... Kd4 $4 30. Na4+ Ke4 31. Nc3#) 30. Bb6 $16) 26.
Bf3 (26. Bh3 f5 27. Nd2 Bd5 28. Nb1 (28. Ne5+ Nxe5 29. fxe5 Bc5 30. Bb8 (30. b4
Bg1 $11 (30... Bxb4 31. Bxb6 Nc6 32. a4 Ke6 33. Nf3 Bb3 $11))) 28... Nc6 29.
Nc3 Bxb3 30. axb3 (30. Bg2 Nxa7 31. axb3 $11) 30... Nxa7 $11) 26... f5 27. Nc3
Bxf3+ 28. Kxf3 Nc6 29. Nb5 Ke6 30. a4 Kd5 31. Ke3 Bf6 32. Nc1 Nd4 33. Nxd4
Bxd4+ 34. Ke2 (34. Kd3 Nc5+ 35. Kc2 Kc6 36. Ne2 Bg7 37. Bb8 Nd7 38. Be5 Nxe5
39. fxe5 Bxe5 40. b4 $11) 34... Bf6 (34... Kc6 35. a5 Bg1 36. h3 $16) 35. b4
Kc6 36. a5 bxa5 37. bxa5 Kb5 38. Kd3 Kxa5 39. Bd4 Kb5 40. Bxf6 Nxf6 41. Kd4 Kc6
42. Nd3 Kd6 $11) 25... f5 26. Ng5+ Bxg5 27. fxg5 Ke6 (27... Ne6 28. Bxa7 Bxf3+
29. Kxf3 Nxg5+ 30. Kf4 h6 (30... Ne6+ 31. Ke3 Nf6 $132) 31. a4 Nf6 $132) 28.
Bb2 (28. Bxa7 Bxf3+ (28... b6 29. Nb4 Bxf3+ 30. Kxf3 Kd6 31. a4 Nc6 32. Nxc6
Kxc6 33. a5 bxa5 34. Ke3 Nc5 35. Bxc5 Kxc5 36. Kd3 Kb4 (36... Kd5 37. Ke3 Ke5
38. Kd3 Kd5 $11 (38... f4 39. gxf4+ Kxf4 40. Kc4 $18)) 37. Kc2 $11) 29. Kxf3
Nc6 30. Nf4+ Kd6 31. Be3 $16) 28... Bxf3+ 29. Kxf3 Kd5 30. Nf4+ Kd6 31. Ba3+
Ke5 32. Bb2+ Kd6 33. Ba3+ Ke5 1/2-1/2